Statistics for 20 Biggest Cities in Italy in English and Italian

Click here to take the quiz!

General Stats

  • This quiz has been taken 192 times
  • The average score is 28 of 40

Answer Stats

#PopCity% Correct
12,865,000Rome
99%
21,346,000Milan
99%
4891,000Turin
96%
Roma
95%
3974,000Naples
94%
8383,000Florence
94%
11263,000Venice
93%
Milano
92%
Palermo
89%
Napoli
89%
5674,000Palermo
89%
6587,000Genoa
86%
Torino
85%
9326,000Bari
83%
Bari
83%
Venezia
82%
7387,000Bologna
82%
Bologna
82%
Firenze
79%
Genova
72%
12259,000Verona
70%
Verona
70%
Catania
67%
10314,000Catania
67%
15204,000Trieste
63%
Trieste
63%
18193,000Parma
55%
Parma
55%
14210,000Padua
52%
13238,000Messina
51%
Messina
51%
20185,000Modena
47%
Modena
47%
Brescia
43%
17196,000Brescia
43%
Padova
43%
16201,000Taranto
36%
Taranto
36%
19191,000Prato
26%
Prato
26%

Score Distribution

Percentile by Number Answered

Percent of People with Each Score

Your Score History

You have not taken this quiz